| 000 | 01137cam a2200229 4500 | ||
|---|---|---|---|
| 001 | WB3646-04 | ||
| 008 | 000000n2000 000 0 eng u | ||
| 035 | _a(Sirsi) u109457 | ||
| 245 | _aBSRIA launches guide on services survey | ||
| 260 | _c2000 | ||
| 490 |
_aConstruction Monitor _vNovember 2000, 4(1) |
||
| 520 | _aThe Building Services Research and Information Association has published a best practice guide to carrying out condition surveys on services installations to establish whether they are capable of supporting business needs and legal requirements in the medium and long term. The guide, "BSRIA Application Guide AG 4/2000 Condition Survey of Building Services", is available from BSRIA. Tel: 01344 426511 or email: [email protected] | ||
| 590 | _aWB | ||
| 650 | _aCONDITION SURVEYS | ||
| 650 | _aBEST PRACTICE | ||
| 650 | _aBSRIA | ||
| 650 | _aPARTNERS IN INNOVATION | ||
| 650 |
_aBlock management _96220 |
||
| 650 | _aBUILT ENVIRONMENT-BUILDING ELEMENTS-COMPLETE BUILDING SERVICES ELEMENTS-COMPLETE HEATING, VENTILATION AND AIR CONDITIONING SYSTEMS | ||
| 690 | _aBUILDING SURVEYS | ||
| 942 | _n0 | ||
| 999 |
_c65342 _d65342 |
||